00485nam a22001457a 4500003000400000005001700004008004100021040001100062041001200073100006000085245006200145260005300207650002200260856005700282OSt20260220160102.0260220b |||||||| |||| 00| 0 eng d cMRSPTU aEnglish aAnmolveer Singh Dhillon, Supervisor: Gurprit Singh Bath aEffect of Cube Size on the Compressive Strength of Cement bDepartment of Civil Engg. MRSPTU, Bathindac2017 aCivil Engineering uhttp://163.47.215.52:8080/jspui/handle/123456789/223